000 00680nam a2200229 a 4500
001 000009163
003 DO-SdBNP
005 20240412074210.0
007 ta
008 090928s19uu sp c 000 p spa d
040 _aDO-SdBNP
_bspa
_cBNPHU
049 _aBNPD
082 _aRD861.4
_bH519d
_200
100 1 _aHenríquez i Carvajal, Federico,
_d1848-1952
_97792
245 1 0 _aDel amor i del dolor :
_bpoemas del hogar en duelo /
_cFed. Henríquez i Carvajal.
250 _a2a ed.
260 _aBarcelona :
_bImp. de A. Ortega,
_c[19--?].
300 _a144 p. :
_bretr. ;
_c20 cm.
650 0 _aPoesía dominicana
_966
650 0 _aLiteratura dominicana.
_967
942 _2ddc
_cLBS1
999 _c8927
_d8927